000 00849cam a2200253Ii 4500
001 4690279
003 ARRUPE
005 20160810102510.0
008 770426s1957 enk b 001 0 eng d
035 _a(OCoLC)ocm02917505
035 _a(NNC)4690279
040 _aYAH
_cYAH
098 _aRX43
100 1 _aRobinson, John A. T.
_q(John Arthur Thomas),
_d1919-1983.
_924679
245 1 0 _aJesus and His coming :
_bthe emergence of a doctrine /
_cJohn A. T. Robinson.
260 _aLondon :
_bSCM Press ;
_c1957.
300 _a192 p. :
_c22 cm.
500 _aSCM cheap edition.
500 _a"The substance of this book formed the William Belden Noble lectures, given at Harvard University in December 1955."
504 _aBibliographical references and index.
650 0 _aSecond Advent.
_924680
942 _2lcc
_cMONOGRAPH
999 _c124877
_d124877